| 000 | 00688nam a2200181Ia 4500 | ||
|---|---|---|---|
| 008 | 090124s9999 xx 000 0 und d | ||
| 082 |
_b21514 _a1227 |
||
| 100 | _aशेंडे ना.रा. | ||
| 245 | _a अतीन्द्रिय विश्वातील मंत्रच्छाया | ||
| 250 | _a1 | ||
| 260 | _c1974 | ||
| 300 | _a79 | ||
| 600 | _aशेंडे ना.रा. | ||
| 630 | _a अतीन्द्रिय विश्वातील मंत्रच्छाया | ||
| 700 | _aशेंडे ना.रा. | ||
| 730 | _a अतीन्द्रिय विश्वातील मंत्रच्छाया | ||
| 942 | _cBOOK | ||
| 999 |
_c135174 _d135174 |
||